000 00235nam a22000857a 4500
999 _c11568
_d11568
008 190705b ||||| |||| 00| 0 eng d
100 _aGiftson Ranjeeta
_97277
245 _aEveryday Miracles
260 _aGuduvancheri
_bIdeal Enterprises
_c2016